|
|
|
|
| LEADER |
02294nam a2200457 i 4500 |
| 001 |
EBC4547321 |
| 003 |
MiAaPQ |
| 005 |
20200917021826.0 |
| 006 |
m o d | |
| 007 |
cr cnu|||||||| |
| 008 |
160711t20162016ne ob 001 0 eng d |
| 020 |
|
|
|z 9789004313484
|
| 020 |
|
|
|a 9789004313477 (e-book)
|
| 035 |
|
|
|a (MiAaPQ)EBC4547321
|
| 035 |
|
|
|a (Au-PeEL)EBL4547321
|
| 035 |
|
|
|a (CaPaEBR)ebr11222175
|
| 035 |
|
|
|a (CaONFJC)MIL930992
|
| 035 |
|
|
|a (OCoLC)949923056
|
| 040 |
|
|
|a MiAaPQ
|b eng
|e rda
|e pn
|c MiAaPQ
|d MiAaPQ
|
| 050 |
|
4 |
|a K1500.A35
|b .R54 2016
|
| 082 |
0 |
|
|a 346.04/8
|2 23
|
| 100 |
1 |
|
|a Riffel, Christian,
|e author.
|
| 245 |
1 |
0 |
|a Protection against unfair competition in the WTO TRIPS Agreement :
|b the scope and prospects of Article 10bis of the Paris Convention for the Protection of Industrial Property /
|c by Christian Riffel.
|
| 264 |
|
1 |
|a Leiden, Netherlands ;
|a Boston, [Massachusetts] :
|b Brill,
|c 2016.
|
| 264 |
|
4 |
|c 2016
|
| 300 |
|
|
|a 1 online resource (397 pages).
|
| 336 |
|
|
|a text
|2 rdacontent
|
| 337 |
|
|
|a computer
|2 rdamedia
|
| 338 |
|
|
|a online resource
|2 rdacarrier
|
| 490 |
0 |
|
|a World Trade Institute Advanced Studies,
|x 2405-9331 ;
|v Volume 2
|
| 504 |
|
|
|a Includes bibliographical references and index.
|
| 588 |
|
|
|a Description based on print version record.
|
| 590 |
|
|
|a Electronic reproduction. Ann Arbor, MI : ProQuest, 2016. Available via World Wide Web. Access may be limited to ProQuest affiliated libraries.
|
| 630 |
0 |
0 |
|a Paris Convention for the Protection of Industrial Property
|d (1967 July 14)
|
| 630 |
0 |
0 |
|a Agreement on Trade-Related Aspects of Intellectual Property Rights
|d (1994 April 15)
|
| 650 |
|
0 |
|a Industrial property (International law)
|
| 650 |
|
0 |
|a Competition, Unfair.
|
| 655 |
|
4 |
|a Electronic books.
|
| 776 |
0 |
8 |
|i Print version:
|a Riffel, Christian.
|t Protection against unfair competition in the WTO TRIPS Agreement : the scope and prospects of Article 10bis of the Paris Convention for the Protection of Industrial Property.
|d Leiden, Netherlands ; Boston, [Massachusetts] : Brill, c2016
|h lv, 341 pages
|k World Trade Institute Advanced Studies ; Volume 2
|z 9789004313484
|w 2016022625
|
| 797 |
2 |
|
|a ProQuest (Firm)
|
| 856 |
4 |
0 |
|u https://ebookcentral.proquest.com/lib/matrademy/detail.action?docID=4547321
|z Click to View
|